The second form at St Clare's

Bibliographic Details
Main Author: Blyton, Enid
Format: Book
Published: London : Egmont Books Limited , 2000
Subjects:

MARC

LEADER 00000cam a2200000 7i4500
001 0000015241
005 20050815.0
020 |a 0749719125 
040 |a INS 
090 0 0 |a P23.B8845   |b F55 2000 
100 1 |a Blyton, Enid 
245 0 0 |a The second form at St Clare's   |c Enid Blyton 
260 |a London :   |b Egmont Books Limited ,   |c 2000 
300 |b 169p. ;   |c 18cm. 
650 0 0 |a Children's stories, English 
999 |a 0000015216   |b BOOK   |c Open Shelf   |e Default branch